Computer oreinted numerical methods / (Record no. 160288)

MARC details
000 -LEADER
fixed length control field 00574nam a22001937a 4500
005 - DATE AND TIME OF LATEST TRANSACTION
control field 20190125123743.0
010 ## - LCCN (DPL NO)
LC control number ENG-124641
020 ## - INTERNATIONAL STANDARD BOOK NUMBER
International Standard Book Number 9789388028318
Terms of availability 250.00
035 ## - SYSTEM CONTROL NUMBER
System control number EN-108173
037 ## - SOURCE OF ACQUISITION
Source of stock number/acquisition DBAD/PUB
082 ## - DEWEY DECIMAL CLASSIFICATION NUMBER
Classification number 510.78
100 ## - MAIN ENTRY--PERSONAL NAME
Personal name Rajaraman,V
245 ## - TITLE STATEMENT
Title Computer oreinted numerical methods /
Statement of responsibility, etc by V.Rajaraman
260 ## - PUBLICATION, DISTRIBUTION, ETC. (IMPRINT)
Place of publication, distribution, etc Delhi
Name of publisher, distributor, etc Ashok K.Ghosh
Date of publication, distribution, etc 2018
270 ## - ADDRESS
Address 111,Patparganj Industrial Estate,Delhi-110092
City Delhi
Postal code 110002
300 ## - PHYSICAL DESCRIPTION
Extent x,210p.
Dimensions 24cm.(pbk)
500 ## - GENERAL NOTE
General note It includes index
942 ## - ADDED ENTRY ELEMENTS (KOHA)
Source of classification or shelving scheme Dewey Decimal Classification
Item type English Books
Call number suffix RAJ
Classification part 510.78
Holdings
Withdrawn status Lost status Not for loan Collection code Home library Current library Date acquired Source of acquisition Cost, normal purchase price Full call number Barcode Copy number Cost, replacement price Koha item type
    Not For Loan Non-fiction D.B.Act.Division Patel Nagar 24/01/2019 DBAD/PUB 250.00 510.78 RAJ EN-108173 1 250.00 English Books

© Delhi Public Library
Hit Counter
free hit counter